| 000 | 01118nam a2200289 i 4500 | ||
|---|---|---|---|
| 001 | 21640 | ||
| 003 | ES-MaACL | ||
| 005 | 20250806064054.0 | ||
| 007 | t| | ||
| 008 | 021126s1957 sp af |||| | spa d | ||
| 080 | _a579.716.8 | ||
| 080 | _a582(084) | ||
| 100 | 1 |
_aAlcázar Fernández-Moreno, Augusto. _919536 |
|
| 245 | 1 | 0 |
_aFitología gráfica _b: herbario naturalista (estudio farmacéutico de las plantas) / _cAugusto Alcázar Fernández-Moreno ; prólogo de Salvador Rivas Goday. |
| 246 | 3 | 4 |
_iSubtítulo de cubierta _aHerbolario naturalista y farmacéutico |
| 260 |
_aMadrid : _bDossat, _c1957 ( _f[J. López]) |
||
| 300 |
_aVII, 428 p., 65 lám. col. : _bil. ; _c30 cm. |
||
| 490 | 1 | _aColección agrotécnica | |
| 500 | _aÍndices. | ||
| 599 | _aEn cub.: "430 láminas de plantas, 65... en color, con un vocabulario científico y otro de sinónimos vulgares" | ||
| 650 | 4 |
_aHerbarios. _9149381 |
|
| 650 | 0 | 7 |
_aPlantas medicinales _2embne _916118 |
| 700 | 1 |
_aRivas Goday, Salvador. _997576 |
|
| 830 | 0 |
_aColección agrotécnica _9228961 |
|
| 852 |
_aES-MaACL _jC-12843 |
||
| 999 |
_c21640 _d21640 |
||